[Event "Berisso Manrique op 6th"]
[Site "Berisso"]
[Date "2019.08.18"]
[Round "4.3"]
[White "Rivero, Martin"]
[Black "Cespedes, Juan"]
[Result "0-1"]
[WhiteElo "1616"]
[BlackElo "1713"]
[PlyCount "52"]
[EventDate "2019.08.15"]
[EventType "swiss"]
[EventRounds "6"]
[EventCountry "ARG"]
[SourceTitle "EXT 2024"]
[Source "ChessBase"]
[SourceDate "2023.10.10"]
[SourceVersion "1"]
[SourceVersionDate "2023.10.10"]
[SourceQuality "1"]

1. e4 g6 2. Nf3 Bg7 3. d4 d6 4. c4 Nf6 5. Nc3 0-0 6. Be2 Na6 7. 0-0 c5 8. d5 Nc7 9. h3 a6 10. a4 Rb8 11. Qc2 Bd7 12. a5 Nh5 13. Ng5 Nf6 14. f4 h6 15. Nf3 e6 16. e5 Nh5 17. exd6 Ne8 18. Ne5 Ng3 19. Rf3 Nxe2+ 20. Qxe2 Nxd6 21. Nxg6 fxg6 22. dxe6 Re8 23. Qd3 Rxe6 24. Qd5 Qe7 25. Be3 Bc6 26. Qxc5 Bxf3 0-1

[Event "Berisso Manrique op 6th"]
[Site "Berisso"]
[Date "2019.08.16"]
[Round "2.7"]
[White "Rivero, Martin"]
[Black "Coronel, Nestor"]
[Result "1-0"]
[WhiteElo "1616"]
[BlackElo "1538"]
[PlyCount "63"]
[EventDate "2019.08.15"]
[EventType "swiss"]
[EventRounds "6"]
[EventCountry "ARG"]
[SourceTitle "EXT 2024"]
[Source "ChessBase"]
[SourceDate "2023.10.10"]
[SourceVersion "1"]
[SourceVersionDate "2023.10.10"]
[SourceQuality "1"]

1. e4 c5 2. Nf3 d6 3. d3 a6 4. Nbd2 Nf6 5. g3 e5 6. Bg2 Be7 7. 0-0 0-0 8. a4 Bd7 9. Re1 Ne8 10. c3 Nc6 11. Nf1 b5 12. axb5 axb5 13. Rxa8 Qxa8 14. d4 Nf6 15. dxc5 dxc5 16. Ne3 Rd8 17. Nd5 Be6 18. Nxe7+ Nxe7 19. Qc2 Ng6 20. Bg5 Rd6 21. Nxe5 Qd8 22. Nxg6 hxg6 23. e5 Bf5 24. Qc1 Rd3 25. exf6 gxf6 26. Be3 c4 27. Bd4 Bg4 28. Qh6 Be6 29. Bd5 Rxd4 30. Bxe6 Rd1 31. Qxg6+ Kh8 32. Qh5+ 1-0

[Event "La Plata Maderna Memorial"]
[Site "La Plata"]
[Date "2016.06.28"]
[Round "5.4"]
[White "Naspleda, Federico"]
[Black "Rivero, Martin"]
[Result "1-0"]
[WhiteElo "2065"]
[BlackElo "1718"]
[PlyCount "61"]
[EventDate "2016.06.14"]
[EventType "swiss"]
[EventRounds "7"]
[EventCountry "ARG"]
[SourceTitle "EXT 2024"]
[Source "ChessBase"]
[SourceDate "2023.10.10"]
[SourceVersion "1"]
[SourceVersionDate "2023.10.10"]
[SourceQuality "1"]

1. Nf3 Nf6 2. d4 d5 3. c4 dxc4 4. g3 e6 5. Bg2 c5 6. 0-0 Nbd7 7. Na3 Be7 8. Nxc4 0-0 9. b3 Nb6 10. Nce5 cxd4 11. Bb2 Nbd5 12. Qxd4 Qa5 13. a3 Rd8 14. Ng5 Bd6 15. Ngxf7 Bxe5 16. Nxe5 Ne7 17. Qc4 Qb6 18. Rfd1 Rf8 19. Bd4 Qd6 20. Qc5 Qxc5 21. Bxc5 Re8 22. Rac1 Ned5 23. a4 Ne7 24. Nc4 Kf8 25. Ne5 a5 26. g4 Nfg8 27. g5 Rb8 28. Rc3 g6 29. Rf3+ Kg7 30. Rf7+ Kh8 31. Bd4 1-0